000 00593nam a2200193Ia 4500
003 GCL
008 140319s9999 xx 000 0 ara d
040 _aGCL /
_cGCL
082 0 4 _a398.08
_bك ع
100 1 _aحسن عاصى
245 1 0 _aعبرابناء الزمان /
_cحسن عاصى
700 1 _aكريلوف , ايفان
300 _a191 ص
490 _aالامثال والحكم فى اداب الشعوب والامم
_v0
650 0 4 _aالادب الشعبى
650 0 4 _aالقصص الشعبية
650 0 4 _aالادب الروسى المترجم
942 _2ddc
_cBK
999 _c43504
_d43504